State and regional income estimation ; theory and practice.

Bibliographic Details
Main Author: Kerr, Alex, M.A
Format: Book
Language:English
Published: [Nedlands, Western Australia] : University of Western Australia Press, 1963.
Subjects:

MARC

Tag First Indicator Second Indicator Subfields
LEADER 00000cam a2200000 4500
001 in00000077503
005 20151008052751.0
008 740725s1963 at 00000 eng u
010 |a  66033042  
035 |a (OCoLC)00962532 
035 |9 AAH4800AM 
040 |c UCW  |d TXA  |d UtOrBLW 
049 |a TXAM  |c [454015] 
050 0 |a HC655.I5  |b K4 1963 
092 |a 339.394  |b K41s 
100 1 |a Kerr, Alex,  |c M.A. 
245 1 0 |a State and regional income estimation ;  |b theory and practice. 
264 1 |a [Nedlands, Western Australia] :  |b University of Western Australia Press,  |c 1963. 
300 |a viii, 95p. ;  |c 26 cm. 
336 |a text  |b txt  |2 rdacontent 
337 |a unmediated  |b n  |2 rdamedia 
338 |a volume  |b nc  |2 rdacarrier 
504 |a Bibliographical footnotes. 
650 0 |a Income  |z Australia  |z Western Australia. 
651 0 |a Western Australia  |x Economic conditions  |x Methodology. 
999 |a MARS 
999 f f |s 7b8c8539-99c5-32ba-a910-1c1641c319e8  |i 41e4fd7c-d1e8-3bf3-971a-d8da58b98d3d  |t 0 
952 f f |p ric  |a Texas A&M University  |b Rellis Campus  |c Joint Library Facility  |d Remote Storage  |t 0  |e HC655.I5 K4 1963  |h Library of Congress classification  |i unmediated -- volume  |m A14800778121 
998 f f |a HC655.I5 K4 1963  |t 0  |l Remote Storage